| 000 | 00765nam a22002777a 4500 | ||
|---|---|---|---|
| 001 | 000192 | ||
| 003 | DO-SdBPM | ||
| 005 | 20250609132019.0 | ||
| 007 | 000192 | ||
| 008 | 151210b1989 ec a 00| 0 spa d | ||
| 020 | _a9978800263 | ||
| 040 |
_aDO-SdBPM _bspa _cBPMSU |
||
| 082 | 4 |
_a883.2 _bH766o 1989 _222 |
|
| 100 | 1 | _aHomero | |
| 245 | 1 | 0 |
_aLa odisea / _cHomero ; ilustración Gioconda Andrade |
| 250 | _a2a. ed. | ||
| 260 |
_aEcuador ; _bLibresa, _c1989. |
||
| 300 |
_a59 p. ; _bil. _c21 cm. |
||
| 490 | 1 |
_aClásicos de siempre _v18 |
|
| 650 | 4 |
_aNovela griega _d _y |
|
| 650 | 4 | _aLiteratura clásica | |
| 650 | 4 | _aLiteratura griega | |
| 700 | 1 |
_aAndrade, Gioconda _eilustración |
|
| 910 | _a VMateo V. Control de caldiad. BPMSU | ||
| 942 |
_2ddc _cBK |
||
| 999 |
_c9326 _d9326 |
||